| 000 | 00772nam a22002057a 4500 | ||
|---|---|---|---|
| 999 |
_c1367 _d1367 |
||
| 003 | AR-CdUCM | ||
| 008 | 190226b ||||| |||| 00| 0 spa d | ||
| 040 |
_aMUNICIPALIDAD PROVINCIAL DEL CUSCO _cBIBLIOTECA MUNICIPAL DEL CUSCO |
||
| 082 |
_a264.1 / _bSA25 _22ed. |
||
| 100 |
_aSapir, Edward _95226 |
||
| 245 |
_aEl lenguaje : _cIntroducción al estudio del habla / |
||
| 260 |
_aMéxico, D. F : _bFondo de cultura económica, _c1962. |
||
| 300 |
_a280 paginas ; _c17 cm. |
||
| 500 | _a3ra edicion de 1966 | ||
| 505 | _aDefinición del lenguaje -- Los elementos del Habla -- Los sonidos del lenguaje -- La forma en el lenguaje: los procedimientos gramaticales ... | ||
| 650 |
_aLenguaje _95227 |
||
| 650 |
_aHabla _95228 |
||
| 942 |
_2ddc _cLIBROS |
||
| 945 |
_aacv _d2019-02-26 |
||